| 000 | 00926nam a22002297a 4500 | ||
|---|---|---|---|
| 999 |
_c161190 _d161190 |
||
| 005 | 20190918164200.0 | ||
| 010 | _a1819CHEN B-719747-767 | ||
| 020 |
_a9789383534470 _c495.00 |
||
| 035 | _aB-719747-767 | ||
| 035 | _aB-730069 | ||
| 037 |
_adpl _bRaj Book |
||
| 082 | _a954 | ||
| 245 |
_aHistory quiz book / _cedited by Lalit Sudan |
||
| 260 |
_aDelhi _bRaj Book Service _c2018 |
||
| 270 |
_aB-71, D.D.A. Colony, West Gorakhpark Ext., Shahdara _bDelhi _e110032 |
||
| 300 |
_a176p. _c22cm(Hb) |
||
| 500 | _aAirport | ||
| 700 | _aSudan, Lalit | ||
| 942 |
_2ddc _cCH _mHIS _h954 |
||